| Record ID | marc_loc_2016/BooksAll.2016.part34.utf8:235488488:1747 |
| Source | Library of Congress |
| Download Link | /show-records/marc_loc_2016/BooksAll.2016.part34.utf8:235488488:1747?format=raw |
LEADER: 01747cam a2200373 a 4500
001 2007367678
003 DLC
005 20081017083509.0
008 070201s2006 stkac b 001 0 eng d
010 $a 2007367678
015 $aGBA638788$2bnb
016 7 $a013442732$2Uk
020 $a0748623418 (hard)
020 $a9780748623419 (hard)
020 $a0748623426 (pbk.)
020 $a9780748623426 (pbk.)
020 $a9780748623419
020 $a9780748623426
035 $a(OCoLC)ocm65765757
035 $a(OCoLC)65765757
040 $aUKM$cUKM$dBAKER$dBWKUK$dYHM$dMBB$dYDXCP$dNDD$dDLC
042 $aukscp$alccopycat
050 00 $aB2430.D454$bD457 2006
082 04 $a194$222
245 00 $aDeleuze and the contemporary world /$cedited by Ian Buchanan and Adrian Parr.
260 $aEdinburgh :$bEdinburgh University Press,$cc2006.
300 $avi, 232 p. :$bill., ports. ;$c24 cm.
440 0 $aDeleuze connections
504 $aIncludes bibliographical references and index.
505 0 $aTreatise on militarism / Ian Buchanan -- Vacuoles of noncommunications / Nicholas Thoburn -- 1,000 political subjects / Kenneth Surin -- Becoming-minoritarian of Europe / Rosi Braidotti -- Borderlines / Verena Andermatt Conley -- Event of colonisation / Paul Patton -- Deterritorialising the Holocaust / Adrian Parr -- Becoming Israeli/Israeli becomings / Laurence J. Siberstein -- Affective citizenship and the death-state / Eugene W. Holland -- Arresting the flux of images and sounds / Patricia Pisters -- Information and resistance / John Marks -- Joy of philosophy / Claire Colebrook.
600 10 $aDeleuze, Gilles,$d1925-1995.
650 0 $aPolitical science$xPhilosophy.
700 1 $aBuchanan, Ian,$d1969-
700 1 $aParr, Adrian.